Statystyki dla Kadra rep. Argentyny na mundial 2018

Kliknij tutaj aby rozwiązać quiz!

Ogólne statystyki

  • Ten quiz został rozwiązany 151 razy
  • Średni wynik to 13 z 24

Statystyki odpowiedzi

pozycja#klubpiłkarz% Poprawnych
N10BarcelonaLionel Messi
98%
P11PSGAngel Di Maria
94%
N21JuventusPaulo Dybala
92%
N19Man CitySergio Aguero
92%
B23ChelseaWilfredo Caballero
87%
N9JuventusGonzalo Higuain
84%
O17Man CityNicolas Otamendi
80%
O16Man UtdMarcos Rojo
74%
O3AjaxNicolas Tagliafico
70%
P7SevillaEver Banega
50%
P5MilanLucas Biglia
47%
P15West HamManuel Lanzini
46%
O6RomaFederico Fazio
44%
O14HebeiJavier Mascherano
44%
O8SportingMarcos Acuna
42%
B12River PlateFranco Armani
39%
selekcjoner--Jorge Sampaoli
34%
O2SevillaGabriel Mercado
32%
P20PSGGiovani Lo Celso
26%
P22Boca JuniorsCristian Pavon
23%
O4TorinoCristian Ansaldi
22%
O18BenficaEduardo Salvio
22%
B1TigresNahuel Guzman
19%
P13IndependienteMaximiliano Meza
13%

Rozkład punktacji

Percentyl według liczby udzielonych odpowiedzi

Procent ludzi z każdym wynikiem

Twoja historia wyników

Nie rozwiązałeś tego quizu